[Event "Moscow op"]
[Site "Moscow"]
[Date "1995.??.??"]
[Round "3"]
[White "Kastanieda, Georgiy"]
[Black "Mojzis, Jaroslav"]
[Result "1/2-1/2"]
[WhiteElo "2405"]
[BlackElo "2220"]

1.d4 Nf6 2.Nf3 g6 3.c4 Bg7 4.g3 O-O 5.Bg2 d6 6.O-O c6 7.Nc3 Qa5 8.h3 Qa6
9.b3 b5 10.cxb5 cxb5 11.b4 Bb7 12.Qd3 Rc8 13.Bd2 Nbd7 14.Qxb5 Qxb5 15.Nxb5 Ne4
16.Rac1 a6 17.Nc3 Nxd2 18.Nxd2 Bxg2 19.Kxg2 Bxd4 20.Nd5 Rxc1 21.Rxc1 e6 22.Nc7 Rc8
23.Nb3  1/2-1/2

[Event "Moscow-ch op"]
[Site "Moscow"]
[Date "1995.??.??"]
[Round "3"]
[White "Zhelesny, Stanislav"]
[Black "Ivanov, Victor L"]
[Result "1/2-1/2"]
[WhiteElo "2215"]
[BlackElo "2450"]

1.Nf3 g6 2.g3 Bg7 3.d4 Nf6 4.Bg2 O-O 5.c4 d6 6.O-O Nbd7 7.Nc3 e5 8.Bg5 h6
9.Bxf6 Qxf6 10.Rb1 exd4 11.Nd5 Qd8 12.Nxd4 c6 13.Ne3 Qf6 14.Nf3 Nc5 15.b4 Ne4
16.Qc2 Re8 17.Rb3 a5 18.b5 Nc5 19.Rbb1 Rxe3 20.fxe3 Bf5 21.Qd2 Bxb1 22.Rxb1 Ne4
23.Qd3 Nc3 24.Rf1 Nxa2 25.bxc6 bxc6 26.Nd4 Nb4 27.Rxf6 Nxd3 28.Rxd6 Ne5 29.Nxc6 Nxc4
30.Rd7 Rf8 31.Kf2 h5 32.Rc7 Nb2 33.Bd5 Nd1+ 34.Kf3 Nc3 35.Bc4 a4 36.Ne7+ Kh7
37.Nd5 Nxd5 38.Bxd5 a3 39.Ra7 Bb2 40.e4 Kh6 41.e5 Bxe5 42.Rxa3 Rc8  1/2-1/2

[Event "Moscow op"]
[Site "Moscow"]
[Date "1995.??.??"]
[Round "7"]
[White "Guliev, Sarhan"]
[Black "Nadyrhanov, S."]
[Result "1-0"]
[WhiteElo "2470"]
[BlackElo "2470"]

1.d4 Nf6 2.c4 g6 3.Nf3 Bg7 4.g3 O-O 5.Bg2 d6 6.O-O Nbd7 7.Nc3 e5 8.e4 exd4
9.Nxd4 Nc5 10.h3 Re8 11.Re1 Bd7 12.Rb1 h6 13.b3 a6 14.Bb2 Rb8 15.b4 Ne6 16.Nf3 Ng5
17.Nxg5 hxg5 18.Qd2 g4 19.h4 Be6 20.Nd5 Bxd5 21.Bxf6 Bxf6 22.cxd5 Qd7 23.Bf1 Re5
24.b5 axb5 25.Bxb5 Qc8 26.Qf4 Kg7 27.Be2 g5 28.hxg5 Rxg5 29.Kg2 Ra8 30.Red1 Rg6
31.Bd3 Kg8 32.Rh1 Ra3 33.e5 Bxe5 34.Qd2 Rxd3 35.Qxd3 Qa8 36.Qb5 b6 37.Rb4 Kg7
38.Ra4 Qd8 39.Ra7 Bd4 40.Qd3 Bc5 41.Ra4 Kf8  1-0

[Event "Moscow op2"]
[Site "Moscow"]
[Date "1995.??.??"]
[Round "8"]
[White "Kastanieda, Georgiy"]
[Black "Cherniak, Anton S"]
[Result "1/2-1/2"]
[WhiteElo "2400"]
[BlackElo "2255"]

1.d4 Nf6 2.c4 g6 3.Nf3 Bg7 4.g3 O-O 5.Bg2 d6 6.O-O Nc6 7.Nc3 a6 8.h3 Rb8
9.Bg5 h6 10.Be3 Bd7 11.Nd5 e6 12.Nxf6+ Qxf6 13.Qd2 Kh7 14.Rac1 e5 15.d5 Nd4
16.Bxd4 exd4 17.b3 Rfe8 18.Rcd1 Bf5 19.Rfe1 d3 20.e3 Bxh3 21.Nd4 Bg4 22.Rc1 Bf5
23.Bf1 Qg5 24.Nxf5 Qxf5 25.Kg2 Re7 26.Bxd3 Qf6 27.Rh1 Rbe8 28.Rh4 Kg8 29.Rg1 Qg5
30.Bb1 f5 31.Bc2 h5 32.b4 Qf6 33.Qe2 Qe5 34.c5 Bf6 35.Rf4 Qxd5+ 36.e4 Qe5
37.Qc4+ d5 38.exd5 Kg7 39.a4 Qc3 40.Qxc3 Bxc3 41.Rc4 Bf6 42.Rd1 Re1 43.Rxe1 Rxe1
44.d6 c6 45.b5 axb5 46.axb5 cxb5 47.c6 bxc6 48.Rxc6 Re8 49.Rc7+ Kh6 50.Rf7 Bd8
51.Bb3 Re2 52.Rb7 Rd2 53.d7 h4 54.Be6 hxg3 55.Kxg3 Kg7  1/2-1/2

[Event "Mravinci-A"]
[Site "Mravinci"]
[Date "1995.??.??"]
[Round "?"]
[White "Horvath, Jozsef M"]
[Black "Sale, Srdjan"]
[Result "1-0"]
[WhiteElo "2180"]
[BlackElo "2390"]

1.d4 Nf6 2.c4 g6 3.Nf3 Bg7 4.g3 O-O 5.Bg2 d6 6.Nc3 c6 7.O-O Qa5 8.e4 e5 9.h3 Nbd7
10.Re1 exd4 11.Nxd4 Re8 12.Rb1 Ne5 13.Bf1 Be6 14.b4 Qc7 15.f4 Ned7 16.Be3 a5
17.a3 axb4 18.axb4 Qb8 19.Bf2 Nh5 20.f5 Bxd4 21.Bxd4 Bxc4 22.Bxc4 d5 23.Bf1 Qxg3+
24.Bg2 Ne5 25.Re3 Qg5 26.exd5 Nf4 27.Qf1 Nc4 28.Re4 Nxh3+ 29.Kh1 Nd2 30.Rxe8+ Rxe8
31.Re1 Rf8 32.Qd3 Qxg2+ 33.Kxg2 Nf4+ 34.Kg3 Nxd3 35.Rd1 Nxb4 36.d6 Rd8 37.Rxd2 Rxd6
38.Ne4 Rd8 39.Nf6+ Kf8 40.Nxh7+ Kg8 41.Nf6+ Kg7 42.Nd7+ Kg8 43.Rh2 f6 44.Nxf6+  1-0

[Event "Nagykanizsa op "]
[Site "Nagykanizsa"]
[Date "1995.??.??"]
[Round "?"]
[White "Czebe, Attila"]
[Black "Zimmerman, Yuri"]
[Result "1/2-1/2"]
[WhiteElo "2430"]
[BlackElo "2335"]

1.d4 Nf6 2.c4 g6 3.g3 Bg7 4.Bg2 O-O 5.Nf3 d6 6.O-O Nc6 7.Nc3 a6 8.d5 Na5
9.Nd2 c5 10.Qc2 Rb8 11.b3 b5 12.Bb2 Bh6 13.f4 bxc4 14.bxc4 e5 15.Rab1 exf4
16.gxf4 Nh5 17.Nce4 f5 18.Nf6+ Nxf6 19.Bxf6 Qxf6 20.Rxb8 Qd4+ 21.Kh1 Bxf4
22.Nb3 Nxb3 23.axb3 Be5 24.Bh3 Qh4 25.Rf3 Qe1+ 26.Rf1 Qh4 27.Rf3 Qe1+ 28.Kg2 Qa5
29.e4 Qc7 30.Rxc8 Qxc8 31.exf5 Qd8 32.Qe4  1/2-1/2

[Event "Namses op"]
[Site "Namses"]
[Date "1995.??.??"]
[Round "?"]
[White "Johansen, Oivind"]
[Black "Scholseth, Tor Kristian"]
[Result "0-1"]
[WhiteElo "2295"]
[BlackElo "2280"]

1.d4 Nf6 2.c4 g6 3.g3 Bg7 4.Bg2 O-O 5.Nf3 d6 6.O-O c6 7.Nc3 Qa5 8.h3 Be6
9.Qd3 Qa6 10.b3 d5 11.Ne5 Rd8 12.Bb2 dxc4 13.Nxc4 Bxc4 14.bxc4 Nbd7 15.Qe3 Qxc4
16.Rfd1 e6 17.Rac1 Qa6 18.Qd3 Qxd3 19.Rxd3 Nb6 20.Rcd1 Bf8 21.e4 Bb4 22.Ne2 Be7
23.g4 Rd7 24.Kf1 Rad8 25.Nc1 Nc4 26.Bc3 Ne8 27.Ke2 Nc7 28.Nb3 Nb5 29.Ba1 Kf8
30.Nc5 Bxc5 31.dxc5 Ke8 32.Rxd7 Rxd7 33.Rxd7 Kxd7 34.Kd3 Na5 35.Bf1 b6 36.a4 Nc7
37.Bd4 b5 38.Kc3 a6 39.Kb4 Nb7 40.a5 Ke7 41.Bg2 Ne8 42.g5 Nd8 43.f4 f5 44.h4 Kd7
45.Bf3 Nc7 46.h5 gxh5 47.Bxh5 fxe4 48.Be5 Nd5+ 49.Ka3 Nb7 50.Bg4 Nxa5  0-1

[Event "New Castle schev"]
[Site "New Castle on Tyne"]
[Date "1995.??.??"]
[Round "2"]
[White "Dive, Russell John"]
[Black "Rayner, Francis"]
[Result "1-0"]
[WhiteElo "2295"]
[BlackElo "2200"]

1.d4 Nf6 2.c4 g6 3.Nf3 Bg7 4.g3 O-O 5.Bg2 d6 6.O-O Nbd7 7.Nc3 e5 8.e4 c6
9.h3 Qb6 10.Re1 exd4 11.Nxd4 Ng4 12.Nce2 Nge5 13.b3 Nc5 14.Be3 Re8 15.Rb1 a5
16.a3 Qc7 17.Qc2 Qe7 18.b4 axb4 19.axb4 Ncd3 20.Red1 c5 21.bxc5 dxc5 22.Nb5 Nb4
23.Qb3 Be6 24.Rd5 Bxd5 25.exd5 Rac8 26.Nec3 b6 27.Kh2 Rcd8 28.Rd1 Qf6 29.d6 Bf8
30.Nc7 Nf3+ 31.Kh1 Rxe3 32.fxe3 Rxd6 33.N3d5 Nxd5 34.Nxd5 Rxd5 35.Rxd5 Ng5
36.Qd1 Qc3 37.Rxg5  1-0

[Event "New Castle schev"]
[Site "New Castle on Tyne"]
[Date "1995.??.??"]
[Round "7"]
[White "Whiteley, Andrew J"]
[Black "Ledger, David"]
[Result "1-0"]
[WhiteElo "2335"]
[BlackElo "2295"]

1.d4 Nf6 2.c4 g6 3.Nf3 Bg7 4.g3 O-O 5.Bg2 d6 6.O-O c6 7.Nc3 Qa5 8.h3 Be6
9.Qd3 Qa6 10.b3 d5 11.Ne5 Rd8 12.Bb2 dxc4 13.Nxc4 Nd5 14.Ne4 Nb6 15.Rfc1 Bxc4
16.bxc4 Na4 17.Ba3 Rxd4 18.Qb3 Nd7 19.Rab1 Rb8 20.e3 Rxe4 21.Bxe4 Nac5 22.Bxc5 Nxc5
23.Qc2 e6 24.Bf3 Rc8 25.Kg2 Qa5 26.Rd1 Bf6 27.h4 h5 28.Qd2 Qxd2 29.Rxd2 Kf8
30.Be2 Ke7 31.f3 Rh8 32.Rc2 Ke8 33.Kf2 Ke7 34.Rd1 Ke8 35.Bf1 Ke7 36.Bh3 Rb8
37.e4 e5 38.Ke3 Ne6 39.Bxe6 Kxe6 40.c5 Be7 41.Rb1 Kd7 42.Kd3 Kc7 43.Kc4 b6
44.cxb6+ axb6 45.Rd2 b5+ 46.Kd3 Ra8 47.Ke2 Bc5 48.Rc2 Bd4 49.Rxb5 Rxa2 50.Rxa2 cxb5
51.Ra8 b4 52.Rf8 b3 53.Rxf7+ Kd6 54.g4 b2 55.Rb7 Ke6 56.Kd3 Kf6 57.Kc2 hxg4
58.fxg4 Bf2 59.g5+ Ke6 60.h5  1-0

[Event "Nikolaev zt"]
[Site "Nikolaev"]
[Date "1995.??.??"]
[Round "6"]
[White "Guliev, Sarhan"]
[Black "Kruppa, Yuri"]
[Result "0-1"]
[WhiteElo "2470"]
[BlackElo "2555"]

1.d4 Nf6 2.c4 g6 3.Nf3 Bg7 4.g3 O-O 5.Bg2 d6 6.O-O Nbd7 7.Nc3 e5 8.e4 c6
9.h3 Qb6 10.d5 Nc5 11.Qc2 Qb4 12.Nd2 a5 13.b3 Qb6 14.Rb1 Bd7 15.dxc6 bxc6
16.Ba3 Be6 17.Rfd1 Rad8 18.Nf3 Bh6 19.g4 Bf4 20.Ne2 g5 21.Nxf4 gxf4 22.Nh4 Kh8
23.Nf5 Bxf5 24.exf5 Rg8 25.Qe2 h5 26.Rxd6 Rxd6 27.Qxe5 Nd3 28.Qxd6 Qxf2+
29.Kh1 Nxg4 30.Rf1 Qe2 31.hxg4 Rxg4 32.Bh3 Rg3 33.Qd8+ Kh7 34.Qh4 Nf2+ 35.Rxf2 Qxf2
36.Qxh5+ Kg8  0-1

[Event "JUG-chT"]
[Site "Nis"]
[Date "1995.??.??"]
[Round "?"]
[White "Pavlovic, Dragoljub"]
[Black "Damljanovic, Branko"]
[Result "1/2-1/2"]
[WhiteElo "2340"]
[BlackElo "2575"]

1.d4 Nf6 2.Nf3 g6 3.c4 Bg7 4.g3 O-O 5.Bg2 d6 6.O-O c6 7.Nc3 Qa5 8.h3 Be6
9.Qd3 Qa6 10.b3 d5 11.Ne5 Rd8 12.cxd5 Nxd5 13.Nxd5 Bxd5 14.Qxa6 Nxa6 15.e3 c5
16.Nf3 cxd4 17.Nxd4 Bxd4 18.exd4 Bxg2 19.Kxg2 Rxd4 20.Be3 Rdd8 21.Rac1 b6
22.Rc4 b5 23.Re4 Rd7 24.Rc1 Nc7 25.a4 a6 26.a5 Nd5 27.Bd2 Rdd8 28.Ree1 Rdc8
29.Kf3 Kf8 30.Ke4 e6 31.Rxc8+ Rxc8 32.Rc1 Rxc1 33.Bxc1 Ke7 34.Ba3+ b4 35.Bc1 Kd6
36.Kd4 Ne7 37.Bf4+ Kd7 38.Kc5 Nc6 39.Kb6 Nd4 40.Bd2 Nxb3 41.Bxb4 e5 42.Bc3 Nd4
43.f4 f6 44.fxe5 fxe5 45.Kc5 Ke6 46.g4 Nb5 47.Bd2 e4 48.Bf4 Nc3 49.Kd4 Ne2+
50.Kxe4 Nxf4 51.Kxf4 Kf6 52.g5+ Ke6 53.Ke4 Kd6 54.Kd4 Kc6 55.Ke5 Kb5 56.Kf6 Kxa5
57.Kg7 Kb6 58.Kxh7 a5 59.Kxg6 a4 60.Kh7 a3 61.g6 a2 62.g7 a1=Q 63.g8=Q Qe1
64.Qg6+ Kc7 65.Qf7+ Kd8 66.Qf6+ Ke8 67.h4 Qe4+ 68.Kg7 Qb7+ 69.Kg8 Qd5+ 70.Kh8 Qf7  1/2-1/2

[Event "JUG-ch sf"]
[Site "Nis"]
[Date "1995.??.??"]
[Round "?"]
[White "Nestorovic, Dejan"]
[Black "Zivic, Dragan"]
[Result "1-0"]
[WhiteElo "2415"]
[BlackElo "2270"]

1.d4 Nf6 2.c4 g6 3.Nf3 Bg7 4.g3 O-O 5.Bg2 d6 6.O-O Nbd7 7.Nc3 e5 8.e4 c6
9.b3 Qb6 10.Re1 exd4 11.Na4 Qa5 12.Bd2 Qh5 13.h3 Ne5 14.Nxd4 c5 15.Nb5 Bg4
16.hxg4 Nfxg4 17.Be3 f5 18.exf5 Rxf5 19.Nxd6 Rff8 20.Nxc5 Qh2+ 21.Kf1 Qxg3
22.Qd5+ Kh8 23.Nf7+ Rxf7 24.Qxf7 Nh2+ 25.Ke2 Qxg2 26.Qf4 Qh3 27.Rh1 Qh5+
28.Kd2 Nef3+ 29.Kc2 Rf8 30.Qe4 b6 31.Ne6 Re8 32.Nxg7 Rxe4 33.Nxh5 gxh5 34.Rad1 h4
35.Rd8+ Kg7 36.Rd7+ Kf6 37.Rxh7 Kf5 38.Rxa7 Rg4 39.Bxb6 Rg2 40.Kd3 Ng4 41.Ke2 Nge5
42.Rh7 Rg6 43.Bc7 Nd4+ 44.Ke3 Nef3 45.R7xh4  1-0

[Event "JUG-ch sf"]
[Site "Nis"]
[Date "1995.??.??"]
[Round "?"]
[White "Pavlovic, Dragoljub"]
[Black "Bakic, Rados"]
[Result "0-1"]
[WhiteElo "2340"]
[BlackElo "2440"]

1.d4 Nf6 2.Nf3 g6 3.g3 Bg7 4.Bg2 O-O 5.c4 d6 6.Nc3 c5 7.d5 Na6 8.O-O Nc7
9.e4 a6 10.a4 Rb8 11.Re1 b5 12.e5 Ng4 13.exd6 exd6 14.cxb5 axb5 15.Bf1 bxa4
16.Rxa4 Bd7 17.Ra7 Rb6 18.h3 Ne5 19.Nxe5 Bxe5 20.Bh6 Re8 21.Qd2 Qb8 22.Ra2 Rb4
23.Be3 Nb5 24.Nxb5 Bxb5 25.Bxb5 Qxb5 26.Qe2 Qb7 27.Qf3 Bxb2 28.Bd2 Rxe1+
29.Bxe1 Rb3 30.Qe4 Be5 31.Bd2 Kg7 32.Kg2 Rb2 33.Rxb2 Qxb2 34.Be3 Qb3 35.Bxc5  0-1

[Event "JUG-ch sf"]
[Site "Nis"]
[Date "1995.??.??"]
[Round "?"]
[White "Tesic, Dragan"]
[Black "Solak, Dragan"]
[Result "1-0"]
[WhiteElo "2335"]
[BlackElo "2200"]

1.d4 Nf6 2.Nf3 g6 3.c4 Bg7 4.g3 O-O 5.Bg2 d6 6.O-O Nbd7 7.Nc3 e5 8.e4 c6
9.h3 exd4 10.Nxd4 Re8 11.Re1 a5 12.b3 h6 13.Be3 Nc5 14.Qc2 Qe7 15.Rad1 Kh7
16.f3 Nfd7 17.Bf2 Ne5 18.f4 Ned7 19.a3 Nf6 20.b4 axb4 21.axb4 Ne6 22.Nb3 h5
23.Be3 Nc7 24.c5 d5 25.e5 Ng8 26.Nd4 Nh6 27.Bf2 Nf5 28.Nce2 Bd7 29.Qd2 Ra3
30.Nxf5 Bxf5 31.Nd4 Qd7 32.Kh2 Rea8 33.Re3 Ra2 34.Qe1 Rb2 35.Re2 Raa2 36.Rdd2 Rxd2
37.Rxd2 Ra4 38.Rb2 Bf8 39.Qe3 Be7 40.Be1 Qc8 41.Nxf5 Qxf5 42.Bf1 Ra1 43.Rd2 Qb1
44.Re2 Na6 45.f5 Qxf5 46.Rf2 Qe6 47.Bc3 d4 48.Qxd4 Ra2 49.Bd2 Qd5 50.Qxd5 cxd5
51.Bxa6 bxa6 52.Rxf7+ Kg8 53.Rxe7 Rxd2+ 54.Kg1 Rc2 55.Rd7 Rc4 56.Rxd5 Rxb4
57.Rd6 Kf7 58.Rf6+ Kg7 59.Rxa6 Rc4 60.c6 Kf7 61.Kf2 Rc3 62.h4 Ke6 63.c7+ Kxe5
64.Rxg6 Rc2+ 65.Kf3 Rc3+ 66.Kg2 Rxc7 67.Rg5+ Kf6 68.Rxh5 Kg6 69.Ra5 Rc4 70.Kh3 Rc3
71.h5+ Kh6 72.Kh4 Rc1 73.Ra6+ Kh7 74.g4 Rc4 75.h6 Rc1 76.Kh5 Rc5+ 77.g5 Rb5
78.Ra7+ Kg8 79.Re7 Ra5 80.Kg6 Ra6+ 81.Kf5 Rb6 82.g6 Rb5+ 83.Kf6 Rb6+ 84.Re6 Rb8
85.Rd6 Re8 86.Rd7  1-0

[Event "NOR-ch"]
[Site "?"]
[Date "1995.??.??"]
[Round "4"]
[White "Madsen, Dag"]
[Black "Hagesaether, Paal Vegard"]
[Result "1/2-1/2"]
[WhiteElo "2295"]
[BlackElo "2150"]

1.d4 Nf6 2.c4 g6 3.g3 Bg7 4.Bg2 O-O 5.Nf3 d6 6.O-O Nbd7 7.Nc3 e5 8.h3 Re8
9.e4 c6 10.Re1 exd4 11.Nxd4 a5 12.Be3 Nc5 13.Qc2 Qe7 14.Rad1 Nfd7 15.b3 Ne6
16.Nxe6 Qxe6 17.Bf4 Ne5 18.Bc1 Qf6 19.f4 Nf3+ 20.Bxf3 Qxc3 21.Qxc3 Bxc3 22.Re3 Bb4
23.Kg2 a4 24.g4 axb3 25.axb3 Ra2+ 26.Kf1 h5 27.Red3 hxg4 28.hxg4 Kf8 29.f5 Ke7
30.Bf4 gxf5 31.exf5 Rd8 32.Re3+ Kf6 33.Re2 Rxe2 34.Kxe2 Re8+ 35.Kf2 Ke7 36.Rh1 Bc3
37.Rh6 Be5 38.Bg5+ f6 39.Rh7+ Kd8 40.Bd2 Bd7 41.Ba5+ Kc8 42.Bd2 Rg8 43.Bh6 d5
44.cxd5 cxd5 45.Bg7 d4 46.Rh8 Rxh8 47.Bxh8 Kc7 48.Be4 Bc6 49.Bxc6 bxc6 50.g5 Kd7
51.gxf6 Bd6 52.f7 Ke7 53.Bxd4 Kxf7 54.Kf3 Be7 55.Ke4 Bd6 56.Be5 Bc5 57.Kd3 Bf8
58.Kc4 Be7 59.Bd4 Bd6 60.f6 Bb8 61.Kb4 Ke6 62.Ka5 Bc7+ 63.Bb6 Bd6 64.Bd8 Kd7
65.Bb6 Be5 66.f7 Ke7  1/2-1/2

[Event "NOR-ch"]
[Site "?"]
[Date "1995.??.??"]
[Round "8"]
[White "Madsen, Dag"]
[Black "Elsness, Frode"]
[Result "0-1"]
[WhiteElo "2295"]
[BlackElo "2250"]

1.d4 Nf6 2.c4 g6 3.g3 Bg7 4.Bg2 O-O 5.Nf3 d6 6.O-O Nc6 7.Nc3 e5 8.d5 Ne7
9.c5 Ne8 10.cxd6 Nxd6 11.e4 h6 12.Qb3 g5 13.Be3 f5 14.exf5 Nexf5 15.Rad1 Qe8
16.Rfe1 Qf7 17.Bc5 Re8 18.h3 Bd7 19.Bxd6 Nxd6 20.Ne4 Nxe4 21.Rxe4 c6 22.Re2 e4
23.Nh2 Bf5 24.dxc6 Qxb3 25.axb3 bxc6 26.Rde1 Rab8 27.Bxe4 Bxe4 28.Rxe4 Rxe4
29.Rxe4 Rxb3 30.Re6 Rxb2 31.Rxc6 a5 32.Ng4 h5 33.Nh6+ Kh7 34.Nf5 Bf8 35.Rf6 Bc5
36.Rh6+ Kg8 37.Rxh5 a4 38.Rxg5+ Kf8 39.Nh4 Bxf2+ 40.Kf1 a3  0-1

[Event "Novgorod op"]
[Site "Novgorod"]
[Date "1995.??.??"]
[Round "2"]
[White "Aseev, Konstantin N"]
[Black "Gorbatow, Alexej"]
[Result "1-0"]
[WhiteElo "2530"]
[BlackElo "2410"]

1.d4 Nf6 2.c4 d6 3.Nf3 g6 4.g3 Bg7 5.Bg2 O-O 6.Nc3 c6 7.O-O Qa5 8.e4 e5 9.h3 exd4
10.Nxd4 Qc5 11.Be3 Qxc4 12.a3 Qa6 13.b4 d5 14.e5 Ne4 15.Nxe4 dxe4 16.e6 Qc4
17.Bxe4 fxe6 18.Rc1 Qa2 19.Rc3 e5 20.Bc2 Kh8 21.Bb3 Qxa3 22.Nc2 Qb2 23.Qd2 Bxh3
24.Rc1 Na6 25.Qe1 e4 26.Bd4 Bxd4 27.Nxd4 Rae8 28.Rb1 Qa3 29.Nc2 Qxb4 30.Nxb4 Nxb4
31.g4 Bxg4 32.Rg3 Nd3 33.Qc3+ Ne5 34.Rxg4 Rf3 35.Qa1  1-0

[Event "Novgorod op"]
[Site "Novgorod"]
[Date "1995.??.??"]
[Round "5"]
[White "Dokuchaev, Aleksander"]
[Black "Efremov, Roman"]
[Result "1-0"]
[WhiteElo "2395"]
[BlackElo "2475"]

1.d4 Nf6 2.Nf3 g6 3.c4 Bg7 4.g3 O-O 5.Bg2 d6 6.O-O Nc6 7.Nc3 a6 8.Bd2 Rb8
9.Rc1 Bg4 10.d5 Na5 11.b3 c5 12.dxc6 Nxc6 13.Be3 Qa5 14.Nd4 Bd7 15.Nxc6 bxc6
16.Bd2 Qh5 17.e4 Qxd1 18.Rfxd1 Ng4 19.h3 Ne5 20.Be3 Be6 21.c5 Rfd8 22.f4 Nd7
23.cxd6 Bf8 24.Na4 exd6 25.Rxc6 a5 26.Ra6 Rdc8 27.Rxa5 f6 28.Ra7 Rc2 29.f5 gxf5
30.exf5 Bxf5 31.Bd5+ Kh8 32.g4 Re8 33.Bd4 Be6 34.Bxe6 Rxe6 35.Rxd7 Ree2 36.Nc3 Rg2+
37.Kf1 Bh6 38.Ne4  1-0

[Event "Novgorod op"]
[Site "Novgorod"]
[Date "1995.??.??"]
[Round "7"]
[White "Razuvaev, Yuri S"]
[Black "Filippov, Valerij"]
[Result "1-0"]
[WhiteElo "2580"]
[BlackElo "2455"]

1.d4 Nf6 2.c4 g6 3.Nf3 Bg7 4.g3 O-O 5.Bg2 d6 6.O-O c6 7.Nc3 Qb6 8.b3 e5 9.d5 e4
10.Ng5 Bf5 11.Be3 Qd8 12.Ngxe4 Nxe4 13.Nxe4 Bxe4 14.Bxe4 Qe7 15.Bg2 Bxa1
16.Qxa1 Re8 17.Bd4 c5 18.Bc3 f5 19.e4 fxe4 20.Bh3 Qf7 21.Bh8 h6 22.Be6 Rxe6
23.dxe6 Qh7 24.Bb2 Nc6 25.Qd1 Re8 26.Qxd6 Qe7 27.Qd5 Qxe6 28.Qxc5 Rd8 29.Qe3 g5
30.Re1 Kf7 31.Kg2 a5 32.h4 Qf5 33.hxg5 hxg5 34.Qxe4 Qxe4+ 35.Rxe4 Rd2 36.Bc1 Rxa2
37.Bxg5 Rb2 38.Re3 Nd4 39.Bd8 Rxb3 40.Bxa5 Rxe3 41.fxe3 Nf5 42.Kf3 Ke6 43.g4 Nd6
44.c5 Nf7 45.Bc3 Ng5+ 46.Kf4 Nh3+ 47.Kg3 Ng1 48.Bd4 Ne2+ 49.Kf3 Ng1+ 50.Kf4 Nh3+
51.Kg3 Ng5 52.Kh4 Nh7 53.Kh5 Kf7 54.Kh6 Nf8 55.Kg5 Ke6 56.e4 Ke7 57.Kf5 Kf7
58.Bf2 Ng6 59.Be3 Nf8 60.g5 Ng6 61.Bg1 Ne7+ 62.Ke5 Nc8 63.Be3 Ke8 64.Kf6  1-0

[Event "Novgorod op"]
[Site "Novgorod"]
[Date "1995.??.??"]
[Round "9"]
[White "Yasinsky, V."]
[Black "Managadze, Nikoloz"]
[Result "1/2-1/2"]
[WhiteElo "2385"]
[BlackElo "2305"]

1.d4 Nf6 2.c4 d6 3.Nf3 g6 4.g3 Bg7 5.Bg2 O-O 6.O-O c5 7.Nc3 cxd4 8.Nxd4 Qc7
9.b3 Nc6 10.Bb2 a6 11.Rc1 Nxd4 12.Qxd4 Be6 13.Na4 Ne8 14.Qd2 Bxb2 15.Qxb2 Nf6
16.c5 d5 17.Nb6 Rad8 18.Rfd1 h5 19.Rd4 Qe5 20.Qd2 Kg7 21.Rd1 Qc7 22.b4 a5
23.e4 Bg4 24.f3 axb4 25.fxg4 e5 26.g5 exd4 27.gxf6+ Kh7 28.Nxd5 Qxc5 29.Qxd4 Qc2
30.Rd2 Qb1+ 31.Kf2 Ra8 32.Qb2 Qxb2 33.Rxb2 b3 34.axb3 Ra3 35.Bf1 Rc8 36.Bc4 Rc5
37.Nc3 Rc6 38.e5 Rc5 39.Re2 Rxc4 40.bxc4 Rxc3 41.Rb2 g5 42.Rxb7 Kg6 43.e6 fxe6
44.f7 Kg7 45.Rc7 Rc2+ 46.Ke3 Rxh2 47.c5 Rc2 48.Kd4 h4 49.gxh4 gxh4 50.Ke5 h3
51.Kd6 Kf8 52.Kxe6 Re2+ 53.Kf6 Rf2+  1/2-1/2

[Event "JUG-ch"]
[Site "Novi Sad"]
[Date "1995.??.??"]
[Round "?"]
[White "Drasko, Milan"]
[Black "Vukic, Milan"]
[Result "1/2-1/2"]
[WhiteElo "2510"]
[BlackElo "2430"]

1.d4 Nf6 2.c4 g6 3.Nf3 Bg7 4.g3 O-O 5.Bg2 d6 6.O-O Nbd7 7.Qc2 e5 8.Rd1 Qe7
9.e4 c6 10.Nc3 Nb6 11.b3 Bg4 12.dxe5 dxe5 13.Bb2 Bxf3  1/2-1/2

[Event "JUG-ch"]
[Site "Novi Sad"]
[Date "1995.??.??"]
[Round "?"]
[White "Tosic, Miroslav"]
[Black "Barlov, Dragan"]
[Result "1/2-1/2"]
[WhiteElo "2420"]
[BlackElo "2485"]

1.Nf3 g6 2.d4 Bg7 3.g3 Nf6 4.c4 O-O 5.Bg2 d6 6.Nc3 Nbd7 7.O-O e5 8.Qc2 c6
9.Rd1 Re8 10.e4 exd4 11.Nxd4 Ne5 12.c5 d5 13.f4 Bg4 14.fxe5 Bxd1 15.Qxd1 Nxe4
16.Bxe4 dxe4 17.Bf4 Bxe5 18.Bxe5 Rxe5 19.Nb3 Qe7 20.Qe2 Rd8 21.Re1 e3 22.Qf3 Re8
23.Re2 Rf5 24.Qg4 Qf6 25.Re1 h5 26.Qd4 Qxd4 27.Nxd4 Rxc5 28.Re2 Rd8 29.Nf3 Rd3
30.Ne4 Rc4 31.Nc3 f6 32.Kg2 g5 33.Ne1 Rd2 34.Kf3 Rxe2 35.Kxe2 Kf7 36.Kxe3 Rc5
37.Nd3 Rf5 38.Ne4 Rd5 39.Nc3 Rd8 40.a3 b6 41.Nb4 Rd6 42.Ke4 Ke6 43.Ke3 f5
44.Nd3 c5 45.Nb5 Rd7 46.b3 a6 47.Nc3 Kd6 48.a4 Rc7 49.Nb2 Re7+ 50.Kf2 Kc6
51.Nc4 Re6 52.h3 b5 53.axb5+ axb5 54.Ne3 Re5 55.h4 gxh4 56.gxh4 f4 57.Ng2 b4
58.Ne2 c4 59.bxc4 Kc5 60.Nexf4 Kxc4 61.Ne3+ Kb5 62.Nd3 Re4 63.Nd5 Kc4 64.N5xb4 Rxh4
65.Kg3 Rg4+ 66.Kh3 Re4 67.Nf2 Re3+ 68.Kh4 Kxb4 69.Kxh5 Kc4 70.Kg4 Kd4 71.Kf4 Re8
72.Kf3  1/2-1/2

[Event "RUS-sf"]
[Site "Novosibirsk"]
[Date "1995.??.??"]
[Round "7"]
[White "Nevostrujev, Vladimir"]
[Black "Iskusnyh, Sergei"]
[Result "1/2-1/2"]
[WhiteElo "2425"]
[BlackElo "2425"]

1.Nf3 Nf6 2.c4 g6 3.d4 Bg7 4.g3 O-O 5.Bg2 d6 6.O-O Nbd7 7.Nc3 e5 8.e4 c6
9.Qc2 exd4 10.Nxd4 Ng4 11.Rd1 Qb6 12.h3 Bxd4 13.hxg4 Ne5 14.Na4 Qa5 15.b4 Qxb4
16.Rb1 Qa5 17.Rxd4 Qe1+ 18.Bf1 Nf3+ 19.Kg2 Nxd4 20.Qd3 Bxg4 21.Qxd4 c5 22.Qd3 f5
23.Bh6 Qxf2+ 24.Kxf2 fxe4+ 25.Bxf8 Rxf8+ 26.Kg1 exd3 27.Bxd3 Rf3 28.Be2 Ra3
29.Bxg4 Rxg3+ 30.Kf1 Rxg4 31.Rxb7 Rxc4 32.Nb2 Rc2 33.a4 c4 34.Nd1 c3 35.Rc7 Rc1
36.Ke2 c2 37.Ne3 Ra1 38.Nxc2 Rxa4 39.Rd7 a5 40.Rxd6 Rf4 41.Ke3 Rf7 42.Ra6 Kg7
43.Nd4 h5 44.Ne6+ Kh6 45.Nf4 Kg5 46.Rxg6+ Kf5 47.Ra6 Kg4 48.Nd3 Re7+ 49.Kf2 h4
50.Rxa5 Rf7+ 51.Kg1 Rc7 52.Nf2+ Kf3 53.Ra3+ Kf4 54.Kg2 Rg7+ 55.Kh2 Re7 56.Nd3+ Kg4
57.Ra4+ Kf3 58.Rxh4 Re2+ 59.Kg1 Re8 60.Kf1 Ke3 61.Rh3+ Kd4 62.Kf2 Ra8 63.Nc1 Re8
64.Ne2+ Kc4 65.Rc3+ Kb4 66.Rc7 Kb3 67.Nd4+  1/2-1/2

[Event "Noyabrsk"]
[Site "Noyabrsk"]
[Date "1995.??.??"]
[Round "5"]
[White "Fominyh, Alexander"]
[Black "Drozdov, Igor"]
[Result "1-0"]
[WhiteElo "2520"]
[BlackElo "2425"]

1.d4 Nf6 2.Nf3 g6 3.c4 Bg7 4.g3 O-O 5.Bg2 d6 6.O-O c6 7.Nc3 Qa5 8.h3 Be6
9.Nd2 Qa6 10.d5 cxd5 11.cxd5 Bd7 12.Re1 Rc8 13.e4 Qb6 14.Nb3 Be8 15.Be3 Qd8
16.Bd4 Nfd7 17.f4 Bxd4+ 18.Nxd4 Qb6 19.Qd2 Nc5 20.e5 a5 21.Kh2 Nba6 22.exd6 exd6
23.Re3 Bd7 24.f5 Re8 25.Rf3 Qd8 26.Raf1 Re7 27.g4 Nc7 28.Qf4 Ra6 29.h4 b5
30.fxg6 fxg6 31.Qg5 Qe8 32.Nf5 Bxf5 33.gxf5 Re5 34.Qh6 Rxf5 35.Rxf5 gxf5
36.Rxf5 Qe7 37.Ne4 Nxe4 38.Bxe4 Ra8 39.Rg5+ Kh8 40.Bxh7 Qe2+  1-0

[Event "Odorheiu Secuiesc zt"]
[Site "Odorheiu Secuiesc"]
[Date "1995.??.??"]
[Round "1"]
[White "Horvath, Jozsef"]
[Black "Mrva, Martin"]
[Result "0-1"]
[WhiteElo "2520"]
[BlackElo "2400"]

1.d4 Nf6 2.c4 g6 3.Nf3 Bg7 4.g3 O-O 5.Bg2 d6 6.Nc3 Bg4 7.O-O Qc8 8.Re1 Re8
9.d5 e6 10.Nd4 e5 11.Nc2 a5 12.f3 Bd7 13.e4 Nh5 14.Be3 Na6 15.b3 f5 16.a3 f4
17.Bf2 fxg3 18.hxg3 Nc5 19.Rb1 Bh6 20.Ne3 b6 21.b4 Na6 22.Ng4 Bg7 23.Bh3 Kh8
24.Kg2 Nf6 25.Rh1 Nxg4 26.Bxg4 Bxg4 27.fxg4 axb4 28.axb4 Nb8 29.g5 Bf8 30.Qf3 Qd7
31.Ra1 Rxa1 32.Rxa1 Be7 33.Qf7 Rf8 34.Qe6 Bxg5 35.Qxd7 Nxd7 36.Ra7 Bd2 37.Rxc7 Nf6
38.Na2 Ra8 39.c5 bxc5 40.bxc5 Rxa2 41.Kf3 g5  0-1

[Event "Odorheiu Secuiesc zt"]
[Site "Odorheiu Secuiesc"]
[Date "1995.??.??"]
[Round "3"]
[White "Horvath, Jozsef"]
[Black "Manik, Mikulas"]
[Result "1-0"]
[WhiteElo "2520"]
[BlackElo "2380"]

1.d4 Nf6 2.Nf3 g6 3.c4 Bg7 4.g3 d6 5.Bg2 O-O 6.Nc3 Nc6 7.O-O a6 8.d5 Na5
9.Nd2 c5 10.Qc2 Rb8 11.b3 b5 12.Bb2 bxc4 13.bxc4 Nd7 14.Nd1 Ne5 15.Rb1 Bh6
16.f4 Nd7 17.Nf2 Nf6 18.Bc3 Rxb1 19.Rxb1 Nd7 20.Qb2  1-0

[Event "CZE-ch"]
[Site "Olomouc"]
[Date "1995.??.??"]
[Round "?"]
[White "Konopka, Michal"]
[Black "Freisler, Pavel"]
[Result "1-0"]
[WhiteElo "2395"]
[BlackElo "2350"]

1.d4 Nf6 2.c4 g6 3.Nf3 Bg7 4.g3 O-O 5.Bg2 d6 6.O-O c6 7.Nc3 Qa5 8.e4 Bg4
9.h3 Bxf3 10.Bxf3 Nfd7 11.Be3 a6 12.a3 c5 13.e5 cxd4 14.Bxd4 dxe5 15.Be3 Qc7
16.Nd5 Qd8 17.Qb3 Nc6 18.Qxb7 Nd4 19.Bxd4 exd4 20.Qxa8 Qxa8 21.Nxe7+ Kh8
22.Bxa8 Rxa8 23.b4 Re8 24.Rae1 Ne5 25.f4 Rxe7 26.fxe5 Bxe5 27.Rf3 f6 28.b5 Rc7
29.b6 Rd7 30.c5 d3 31.Rxe5 fxe5 32.c6 d2 33.Rf1  1-0

[Event "CZE-ch (Women)"]
[Site "Olomouc"]
[Date "1995.??.??"]
[Round "?"]
[White "Eretova, Kveta"]
[Black "Kubikova, Hana"]
[Result "1/2-1/2"]
[WhiteElo "2145"]
[BlackElo "2145"]

1.Nf3 Nf6 2.c4 g6 3.g3 Bg7 4.Bg2 d6 5.d4 O-O 6.Nc3 Nbd7 7.O-O e5 8.e4 Re8
9.Re1 exd4 10.Nxd4 Nc5 11.h3 a5 12.Qc2 c6 13.Be3 a4 14.Rad1 Qa5 15.Bf4 Bf8
16.Bd2 Qb6 17.Be3 Qb4 18.a3 Qa5 19.Kh2 Qc7 20.f4 Qe7 21.Bf2 Nfd7 22.Re2 Bg7
23.Rde1 Qd8 24.Rd2  1/2-1/2